Las piedras de Tiahuanaco : (Record no. 21524)

000 -CABECERA
fixed length control field 01255nam a22003017a 4500
003 - IDENTIFICADOR DEL NÚMERO DE CONTROL
control field AR-CdUCM
008 - DATOS DE LONGITUD FIJA--INFORMACIÓN GENERAL
fixed length control field 190220b ||||| |||| 00| 0 spa d
020 ## - NÚMERO INTERNACIONAL ESTÁNDAR DEL LIBRO
ISBN 9786123171896
040 ## - FUENTE DE LA CATALOGACIÓN
Agencia/entidad que catalogó originalmente la obra MUNICIPALIDAD PROVINCIAL DEL CUSCO
Entidad que transcribió la catalogación BIBLIOTECA MUNICIPAL DEL CUSCO
082 ## - NÚMERO DE LA CLASIFICACIÓN DECIMAL DEWEY
No. de Clasificación 985.017/P87
Notacion interna P87
100 ## - ENTRADA PRINCIPAL--NOMBRE DE PERSONA
Nombre Personal Protzen, Jean Pierre
245 ## - MENCIÓN DE TÍTULO
Título Las piedras de Tiahuanaco :
Resto del título arquitectura y construcción de un centro megalítico andino /
Mención de responsabilidad Jean-Pierre Protzen, Stella Nair ; [traducción, Jimena Ledgard].
260 ## - PUBLICACIÓN, DISTRIBUCIÓN, ETC.
Lugar de publicación, distribución, etc. Lima.
Nombre de la editorial, distribuidor, etc. Pontificia Universidad Católica del Perú,
Fecha de publicación, distribución, etc. 2016.
300 ## - DESCRIPCIÓN FÍSICA
Nº de Páginas Extensión 381 páginas. :
Otros detalles físicos ilustraciones, mapas, planos ;
Dimensiones 24 cm.
500 ## - NOTA GENERAL
Bibliografía Bibliografía: p. [359]-367.
650 ## - PUNTO DE ACCESO ADICIONAL DE MATERIA--TÉRMINO DE MATERIA
Descriptor Cultura Tiahuanaco
9 (RLIN) 7608
650 ## - PUNTO DE ACCESO ADICIONAL DE MATERIA--TÉRMINO DE MATERIA
Descriptor Antigüedades
9 (RLIN) 30188
650 ## - PUNTO DE ACCESO ADICIONAL DE MATERIA--TÉRMINO DE MATERIA
Descriptor Arquitectura precolombina
9 (RLIN) 45232
650 ## - PUNTO DE ACCESO ADICIONAL DE MATERIA--TÉRMINO DE MATERIA
Descriptor Canteras y cantería
9 (RLIN) 45233
650 ## - PUNTO DE ACCESO ADICIONAL DE MATERIA--TÉRMINO DE MATERIA
Descriptor Mampostería
9 (RLIN) 45234
650 ## - PUNTO DE ACCESO ADICIONAL DE MATERIA--TÉRMINO DE MATERIA
Descriptor Altiplano
9 (RLIN) 9120
650 ## - PUNTO DE ACCESO ADICIONAL DE MATERIA--TÉRMINO DE MATERIA
Descriptor Época Prehispánica
9 (RLIN) 2714
650 ## - PUNTO DE ACCESO ADICIONAL DE MATERIA--TÉRMINO DE MATERIA
Descriptor Perú
9 (RLIN) 45235
650 ## - PUNTO DE ACCESO ADICIONAL DE MATERIA--TÉRMINO DE MATERIA
Descriptor Bolivia
9 (RLIN) 1138
710 ## - PUNTO DE ACCESO ADICIONAL--NOMBRE DE ENTIDAD CORPORATIVA
Nombre corporativo (En letras Mayúsculas) Pontificia Universidad Católica del Perú
9 (RLIN) 400
942 ## - ELEMENTOS DE PUNTO DE ACCESO ADICIONAL (KOHA)
Fuente de clasificación
Tipo de item Libros-BMC
945 ## - PROCESAMIENTO DE INFORMACIÓN LOCAL (OCLC)
Catalogador Roel
Holdings
Estado de retiro (separado) Fuente de clasificación o esquema de estanterías Estado dañado Ubicación Sala donde se ubica Nombre de la colección Fecha de adquisición o compra Signatura topográfica Código de Barras Última vez visto (Koha) Tipo de ítem (Koha)
No     Sala Humanidades Sala Humanidades Book Cart 2020-09-22 985.017/P87 SH0000015935 2020-09-22 Libros-BMC
No     Sala Humanidades Sala Humanidades Book Cart 2020-09-22 985.017/P87/e.2 SH0000015936 2020-09-22 Libros-BMC

Powered by Koha